000 00207nam a22000857a 4500
008 160912b xxu||||| |||| 00| 0 eng d
100 _9376
_aNCERT
245 _aWork and Education
260 _aNew Delhi
_bNCERT
_c2007
999 _c3035
_d3035